[Event "Muensterland Verbandsklasse Gr2 2223"]
[Site "Germany"]
[Date "2023.02.18"]
[Round "5.1"]
[White "Kecker, Lars"]
[Black "Willermann, Norbert"]
[Result "1-0"]
[WhiteElo "1877"]
[BlackElo "1625"]
[PlyCount "51"]
[EventDate "2022.09.17"]
[EventType "team-tourn"]
[EventRounds "5"]
[EventCountry "GER"]
[SourceTitle "EXT 2024"]
[Source "ChessBase"]
[SourceDate "2023.10.10"]
[SourceVersion "1"]
[SourceVersionDate "2023.10.10"]
[SourceQuality "1"]
[WhiteTeam "Greven"]
[BlackTeam "Emsdetten Rochade III"]
[WhiteTeamCountry "GER"]
[BlackTeamCountry "GER"]

1. d4 Nf6 2. Bf4 g6 3. Nc3 Bg7 4. e4 d6 5. Qd2 0-0 6. 0-0-0 Nbd7 7. f3 c5 8. d5 a6 9. Bh6 b5 10. h4 Ne5 11. Kb1 Bd7 12. g4 b4 13. Nce2 Nexg4 14. Bxg7 Kxg7 15. fxg4 Nxe4 16. Qf4 f5 17. h5 g5 18. h6+ Kg8 19. Qe3 e6 20. Bg2 exd5 21. Rxd5 Qe7 22. Bxe4 fxe4 23. Rxg5+ Kh8 24. Ng3 Rae8 25. a3 bxa3 26. Qc3+ 1-0